| 000 | 00962cab a22001935a 4500 | ||
|---|---|---|---|
| 001 | L159077 | ||
| 008 | 160112e2016 xxk 000 0 eng d | ||
| 035 | _a(Sirsi) u159077 | ||
| 041 | 0 | _aeng | |
| 110 | 2 |
_aUnited Kingdom _bHM Treasury |
|
| 245 | 0 | 0 |
_aNational Infrastructure Commission _bConsultation |
| 260 | _c2016 | ||
| 520 | _aConsultation covers the governance, structure and operation of the National Infrastructure Commission. It sets out the key design specifications of a new National Infrastructure Commission, which will provide expert, independent advice on pressing infrastructure issues. The consultation runs from 7 January to 17 March 2016. | ||
| 590 | _aKA | ||
| 651 | 4 | _aUnited Kingdom | |
| 690 |
_aInfrastructure _96246 |
||
| 856 | 4 | 0 |
_uhttps://www.gov.uk/government/uploads/system/uploads/attachment_data/file/489952/National_infrastructure_commission_jan_16_web_final.pdf _zPlease view this item free of charge at www.gov.uk |
| 942 | _n0 | ||
| 999 |
_c84793 _d84793 |
||